00390pab a2200133 454500008004000000100001900040245007400059260000900133300001300142362001200155650003500167700002000202773003400222180718b1988 xxu||||| |||| 00| 0 eng d aPapanek, Hanna aWomen are good with moneybEarning and managing in an Indonecian city c1988 aWS 73-84 a29 Oct. aWomen - Employment - Indonesia aLavrel Schwedie aEconomic and Political Weekly